[Event "St Louis Spring B"]
[Site "Saint Louis USA"]
[Date "2022.03.09"]
[Round "8.4"]
[White "Moradiabadi, Elshan"]
[Black "Stremavicius, Titas"]
[Result "1-0"]
[WhiteTitle "GM"]
[BlackTitle "GM"]
[WhiteElo "2540"]
[BlackElo "2520"]
[WhiteFideId "12501255"]
[BlackFideId "12804444"]
[EventDate "2022.03.02"]

1. d4 f5 2. g3 Nf6 3. Bg2 e6 4. Nf3 d5 5. O-O Be7 6. c4 Ne4 7. Ne5 Nd7 8. f3
Nxe5 9. dxe5 Bc5+ 10. e3 Ng5 11. Nc3 c6 12. Qc2 Be7 13. Rd1 Bd7 14. Rb1 a5 15.
Bd2 O-O 16. Ne2 Qb6 17. Kh1 Bc5 18. Nd4 Nf7 19. f4 Rfc8 20. Bc3 Qa7 21. a4 Bb4
22. b3 b5 23. Bb2 Qc5 24. Rbc1 bxa4 25. bxa4 Rab8 26. Nb3 Qxc4 27. Qxc4 dxc4 28.
Rxc4 Be8 29. Bc3 c5 30. Ra1 Nd8 31. Kg1 Bc6 32. Bxb4 Bxg2 33. Kxg2 Rxb4 34. Rxc5
Rxc5 35. Nxc5 Rb2+ 36. Kf3 g5 37. h3 gxf4 38. gxf4 Rc2 39. Rd1 Rxc5 40. Rxd8+
Kf7 41. Rd7+ Kg6 42. Rd6 Kf7 43. Ra6 h6 44. Ra7+ Kg6 45. h4 Rc8 46. Rxa5 Kh5 47.
Ra6 Re8 48. Rd6 Kxh4 49. a5 Kh3 50. a6 1-0

[Event "St Louis Spring B"]
[Site "Saint Louis USA"]
[Date "2022.03.09"]
[Round "8.5"]
[White "Repka, Christopher"]
[Black "Mishra, Abhimanyu"]
[Result "0-1"]
[WhiteTitle "GM"]
[BlackTitle "GM"]
[WhiteElo "2508"]
[BlackElo "2505"]
[WhiteFideId "14918781"]
[BlackFideId "30920019"]
[EventDate "2022.03.02"]

1. d4 d5 2. c4 c6 3. Nf3 Nf6 4. Nc3 e6 5. g3 dxc4 6. Bg2 Nbd7 7. O-O b5 8. Ng5
Qb6 9. b3 cxb3 10. Qxb3 Be7 11. Bf4 Bb7 12. a4 a6 13. Nge4 O-O 14. Nd6 Bxd6 15.
Bxd6 Rfc8 16. Rfd1 c5 17. dxc5 Nxc5 18. Bxc5 Rxc5 19. axb5 Rf5 20. Bf3 Ng4 21.
Rf1 Bxf3 22. exf3 Ne5 23. Ne4 Nxf3+ 24. Kg2 Qb7 25. Qe3 Ng5 26. bxa6 Qxe4+ 27.
Qxe4 Nxe4 28. a7 Rc5 29. f3 Rc2+ 30. Kg1 Nf6 31. Rfb1 Rcc8 32. Rb7 g6 33. Rab1
Rf8 34. h4 Nd5 35. Rd7 Kg7 36. Rbb7 h6 37. Kf2 g5 38. hxg5 hxg5 39. Ke2 Kf6 40.
Kd3 Ke5 41. Rxf7 Rxf7 42. Rxf7 Nb4+ 43. Ke3 Nc6 44. Rc7 Kd6 45. Rg7 Rxa7 46.
Rxg5 Ra3+ 47. Kf2 e5 48. Rg6+ Kd5 49. Rg5 Kc4 50. Kg2 Re3 51. Rg8 Nd4 52. Rf8
Re2+ 53. Kh3 Rf2 54. Kg4 Kd3 55. Ra8 Rxf3 0-1

[Event "St Louis Spring B"]
[Site "Saint Louis USA"]
[Date "2022.03.10"]
[Round "9.1"]
[White "Mishra, Abhimanyu"]
[Black "Yoo, Christopher Woojin"]
[Result "1-0"]
[WhiteTitle "GM"]
[BlackTitle "IM"]
[WhiteElo "2505"]
[BlackElo "2514"]
[WhiteFideId "30920019"]
[BlackFideId "30909694"]
[EventDate "2022.03.02"]

1. e4 e6 2. d4 d5 3. Nd2 Be7 4. Ngf3 Nf6 5. e5 Nfd7 6. Bd3 c5 7. c3 Nc6 8. O-O
g5 9. Nb1 b6 10. Be3 Bb7 11. a3 c4 12. Bc2 h5 13. Ne1 Qc7 14. f4 gxf4 15. Bxf4
O-O-O 16. Nd2 Rdf8 17. Qe2 f6 18. exf6 Bd6 19. Bxd6 Qxd6 20. Nef3 Rxf6 21. Ng5
Qe7 22. Ndf3 Re8 23. h4 Qd6 24. Nd2 e5 25. Bf5 Rff8 26. Bxd7+ Kxd7 27. Qxh5
Rxf1+ 28. Rxf1 exd4 29. cxd4 b5 30. Ndf3 Qe7 31. Re1 Qxe1+ 32. Nxe1 Rxe1+ 33.
Kf2 Re8 34. Qf7+ Re7 35. Qxd5+ Kc8 36. Qf5+ Kc7 37. Qf4+ Kc8 38. Ne4 Nd8 39.
Nd6+ Kd7 40. Nf5 Rf7 41. g4 Nc6 42. d5 Ne7 43. Qd6+ Ke8 44. Qb8+ Nc8 45. Kg3 a5
46. Nd6+ 1-0

[Event "St Louis Spring B"]
[Site "Saint Louis USA"]
[Date "2022.03.10"]
[Round "9.2"]
[White "Stremavicius, Titas"]
[Black "Repka, Christopher"]
[Result "1-0"]
[WhiteTitle "GM"]
[BlackTitle "GM"]
[WhiteElo "2520"]
[BlackElo "2508"]
[WhiteFideId "12804444"]
[BlackFideId "14918781"]
[EventDate "2022.03.02"]

1. c4 e5 2. Nc3 Bb4 3. Qc2 d6 4. e3 c5 5. g3 Ne7 6. Bg2 Nbc6 7. Nge2 Bf5 8. d3
Qd7 9. h3 O-O 10. Bd2 Bxc3 11. bxc3 Be6 12. Rd1 f5 13. Bc1 Rad8 14. O-O f4 15.
exf4 Bxh3 16. d4 Bxg2 17. Kxg2 Qf5 18. Qxf5 Nxf5 19. g4 Nfe7 20. f5 Na5 21. Bg5
Kf7 22. Rfe1 Rfe8 23. dxe5 dxe5 24. Rxd8 Rxd8 25. Nf4 Nxc4 26. Ne6 Re8 27. Re4
b5 28. Nc7 Rb8 29. a4 Nc6 30. Nxb5 N6a5 31. Nxa7 Rb2 32. Nc6 Ra2 33. Nxa5 Nxa5
34. Bd8 Nc6 35. Bb6 Ne7 36. Bxc5 Nd5 37. Rxe5 Nxc3 38. g5 Nxa4 39. Re7+ Kf8 40.
Re2+ Nxc5 41. Rxa2 h6 1-0

[Event "St Louis Spring B"]
[Site "Saint Louis USA"]
[Date "2022.03.10"]
[Round "9.3"]
[White "Ali Marandi, Cemil Can"]
[Black "Moradiabadi, Elshan"]
[Result "1-0"]
[WhiteTitle "GM"]
[BlackTitle "GM"]
[WhiteElo "2524"]
[BlackElo "2540"]
[WhiteFideId "6300529"]
[BlackFideId "12501255"]
[EventDate "2022.03.02"]

1. e4 e5 2. Nf3 Nc6 3. Bc4 Bc5 4. c3 Nf6 5. d4 exd4 6. b4 Bb6 7. e5 d5 8. exf6
dxc4 9. Qe2+ Be6 10. b5 Nb4 11. fxg7 Rg8 12. cxb4 Rxg7 13. Qe5 f6 14. Qh5+ Bf7
15. Qh3 Qd5 16. O-O Be6 17. Qh6 Kf7 18. Bf4 c3 19. Bg3 Bg4 20. Re1 Bxf3 21. gxf3
Kg8 22. Kg2 Qxb5 23. Qxf6 Rg6 24. Qh4 Qxb4 25. Re7 h6 26. Qe4 Qd6 27. Nxc3 dxc3
28. Qc4+ Kh8 29. Qf7 1-0

[Event "St Louis Spring B"]
[Site "Saint Louis USA"]
[Date "2022.03.10"]
[Round "9.4"]
[White "Raja, Harshit"]
[Black "Mikaelyan, Arman"]
[Result "1-0"]
[WhiteTitle "GM"]
[BlackTitle "GM"]
[WhiteElo "2482"]
[BlackElo "2497"]
[WhiteFideId "5089000"]
[BlackFideId "13304852"]
[EventDate "2022.03.02"]

1. e4 g6 2. d4 Bg7 3. Nc3 a6 4. h4 h5 5. Bg5 d6 6. a4 Nd7 7. Nf3 c5 8. d5 Ngf6
9. Be2 O-O 10. O-O Rb8 11. Nd2 Ne5 12. a5 Nh7 13. Bf4 e6 14. Bg3 f5 15. dxe6
Bxe6 16. exf5 gxf5 17. Bxe5 dxe5 18. Bc4 Re8 19. Ra4 e4 20. Nb3 Qxh4 21. Bxe6+
Rxe6 22. Qd5 Re8 23. Qxf5 Re5 24. Qd7 Nf6 25. Qh3 Qg5 26. Re1 Bh6 27. Re3 Qg6
28. Re2 Kh8 29. Rc4 e3 30. f4 R5e7 31. Nxc5 Ng4 32. Nd3 Rf7 33. Nd5 Rg7 34. Qf3
Qe6 35. Rc5 Reg8 36. Nxe3 Nxe3 37. Re5 Rxg2+ 38. Rxg2 Rxg2+ 39. Qxg2 Qxe5 40.
fxe5 Nxg2 41. Kxg2 Kg7 42. Nc5 Bc1 43. b3 Bb2 44. Nxb7 Bxe5 45. b4 Kg6 46. b5
axb5 47. a6 Bb8 48. Nd8 Ba7 49. Nc6 1-0

[Event "St Louis Spring B"]
[Site "Saint Louis USA"]
[Date "2022.03.10"]
[Round "9.5"]
[White "Khanin, Semen"]
[Black "Hungaski, Robert"]
[Result "1/2-1/2"]
[WhiteTitle "IM"]
[BlackTitle "GM"]
[WhiteElo "2509"]
[BlackElo "2537"]
[WhiteFideId "4111990"]
[BlackFideId "2021030"]
[EventDate "2022.03.02"]

1. e4 e6 2. d4 d5 3. Nc3 Nf6 4. e5 Nfd7 5. f4 c5 6. Nf3 Nc6 7. Be3 cxd4 8. Nxd4
Qb6 9. Qd2 Qxb2 10. Rb1 Qa3 11. Bb5 Nxd4 12. Bxd4 a6 13. Bxd7+ Bxd7 14. Rb3 Qe7
15. Rxb7 Rc8 16. O-O Qd8 17. Kh1 Bc5 18. Bxc5 Rxc5 19. f5 exf5 20. Nxd5 Be6 21.
Re7+ Kf8 22. Qb4 Qa5 23. Qb8+ Rc8 24. Rxf7+ Kxf7 25. Qb7+ Rc7 26. Nxc7 Qxe5 27.
Nd5+ Kg6 28. Nf4+ Kf6 29. Qb4 Rb8 30. Qd2 Bxa2 31. Nd3 Qd4 32. c3 Qd6 33. c4 Rb3
34. Qxa2 Rxd3 35. Qf2 g6 36. c5 Qd4 37. Qe2 Qe3 38. Qb2+ Kg5 39. c6 Rc3 40. Qb7
Rc1 41. Qxa6 Qf4 42. Kg1 Qd4+ 43. Kh1 Qa4 44. Qe2 Rxf1+ 45. Qxf1 Qxc6 46. h3 f4
47. Qd1 h5 48. Qd3 Qf6 49. Qe4 Kh6 50. Kh2 g5 51. Qe2 Qd6 52. Kh1 Qf6 53. Kh2 g4
54. hxg4 Qh4+ 55. Kg1 Qxg4 56. Qe5 h4 57. Qh8+ Kg5 58. Qg7+ Kh5 59. Qh7+ Kg5 1/2-1/2